Successful Negotiating in Local Government
Na minha lista:
| Outros Autores: | , |
|---|---|
| Formato: | Livro |
| Idioma: | inglês |
| Publicado em: |
Washington
ICMA
1985
|
| Edição: | 1. ed. |
| Colecção: | Practical Management Series
|
| Assuntos: | |
| Tags: |
Sem tags, seja o primeiro a adicionar uma tag!
|
MARC
| LEADER | 00000nam a2200000 4500 | ||
|---|---|---|---|
| 001 | c018944 | ||
| 005 | 20221207074213.9 | ||
| 020 | |a 0-87326-045-7 | ||
| 041 | 0 | |a eng | |
| 044 | |a US | ||
| 245 | 1 | 0 | |a Successful Negotiating in Local Government |c Edit. Nancy A. Huelsberg, William F. Lincoln |
| 250 | |a 1. ed. | ||
| 264 | 1 | |a Washington |b ICMA |c 1985 | |
| 300 | |a 211 s. | ||
| 490 | 1 | |a Practical Management Series | |
| 830 | 0 | |a Practical Management Series | |
| 610 | 2 | 0 | |a vláda |
| 610 | 2 | 0 | |a regióny |
| 610 | 2 | 0 | |a riadenie regionálne |
| 610 | 2 | 0 | |a komunikácia |
| 610 | 2 | 0 | |a diskusia |
| 610 | 2 | 0 | |a konflikty |
| 610 | 2 | 0 | |a psychológia riadenia |
| 610 | 2 | 0 | |a manažéri |
| 610 | 2 | 0 | |a činiteľ ľudský |
| 610 | 2 | 0 | |a práca s verejnosťou |
| 610 | 2 | 0 | |a vzťahy medziľudské |
| 700 | 1 | |a Huelsberg, Nancy A. | |
| 700 | 1 | |a Lincoln, William F. | |